000 00593nam a2200205Ia 4500
001 22807
003 GE_BSU
008 181216s||||||||xx |||||||||||||| ||und||
040 _cGE_BSU
245 _aФармация. №4. том 67. 2018
245 _bНаучно-практический журнал
245 _cГл. ред. И. А. Самылина
260 _aМосква
260 _c2018
300 _a56 стр. 29см. илл.
653 _aПериодика
653 _aФармация. №4. том 67. 2018
653 _aპერიოდიკა
942 _cCR
999 _c55712
_d55712